[Event "BEL-ch U18"]
[Site "Blankenberge"]
[Date "2017.04.10"]
[Round "3"]
[White "Steegmans, Pieter"]
[Black "Verboven, Arnout"]
[Result "1/2-1/2"]
[WhiteElo "1666"]
[BlackElo "1861"]
[PlyCount "68"]
[EventDate "2017.04.09"]
[EventType "swiss"]
[EventRounds "9"]
[EventCountry "BEL"]
[SourceTitle "CBM 178 Extra"]
[Source "ChessBase"]
[SourceDate "2017.06.22"]
[SourceVersion "1"]
[SourceVersionDate "2017.06.22"]
[SourceQuality "1"]

1. e4 c5 2. Nf3 Nc6 3. d4 cxd4 4. Nxd4 Nf6 5. Nc3 d6 6. Be3 Ng4 7. Bb5 Bd7 8. Nxc6 bxc6 9. Bxc6 Nxe3 10. Bxd7+ Qxd7 11. fxe3 e6 12. 0-0 Be7 13. Qd3 0-0 14. e5 d5 15. Rf3 Qb7 16. b3 a6 17. Ne2 f6 18. exf6 Bxf6 19. Raf1 Rac8 20. Rh3 g6 21. Rhf3 Bg7 22. Rxf8+ Rxf8 23. Rxf8+ Bxf8 24. Nf4 Qb6 25. Kf2 Qd6 26. c4 g5 27. c5 Qe5 28. Ne2 Bxc5 29. g3 Kg7 30. Nd4 h5 31. Qxa6 Bxd4 32. exd4 Qxd4+ 33. Kf1 Qd1+ 34. Kg2 Qd2+ 1/2-1/2

[Event "BEL-ch U16"]
[Site "Blankenberge"]
[Date "2015.04.13"]
[Round "2"]
[White "Ingelaere, Arthur"]
[Black "Steegmans, Pieter"]
[Result "1/2-1/2"]
[WhiteElo "1706"]
[BlackElo "1613"]
[PlyCount "95"]
[EventDate "2015.04.12"]
[EventType "swiss"]
[EventRounds "9"]
[EventCountry "BEL"]
[SourceTitle "CBM 166 Extra"]
[Source "ChessBase"]
[SourceDate "2015.06.18"]
[SourceVersion "1"]
[SourceVersionDate "2015.06.18"]
[SourceQuality "1"]

1. c4 c5 2. g3 e6 3. Nc3 Nf6 4. Bg2 Nc6 5. Nf3 d5 6. cxd5 exd5 7. d4 Be6 8. 0-0 Qd7 9. Re1 0-0-0 10. b3 b6 11. Bb2 Be7 12. Rc1 Kb8 13. Na4 cxd4 14. Nxd4 Nxd4 15. Bxd4 Rc8 16. Rxc8+ Qxc8 17. Be5+ Ka8 18. Bxf6 Bxf6 19. Bxd5+ Kb8 20. Bxe6 Qxe6 21. Qd3 h6 22. Nc3 Rd8 23. Qf3 Rd2 24. Rd1 Rc2 25. Ne4 Be7 26. Rd2 Rc6 27. Nc3 Bf6 28. Nd5 Rd6 29. Nf4 Qd7 30. Rxd6 Qxd6 31. Qd5 Qe7 32. e4 Bg5 33. Nd3 Qc7 34. Qe5 Bf6 35. Qxc7+ Kxc7 36. Kf1 Kd6 37. Ke2 Bd4 38. f3 g5 39. g4 f6 40. Nb4 Be5 41. Nd5 Ke6 42. h3 b5 43. a4 bxa4 44. bxa4 a5 45. Ke3 Kd6 46. f4 Bb2 47. Kd3 Kc5 48. fxg5 1/2-1/2

[Event "BEL-ch U16"]
[Site "Blankenberge"]
[Date "2014.04.16"]
[Round "5"]
[White "Steegmans, Pieter"]
[Black "Verboven, Arnout"]
[Result "0-1"]
[WhiteElo "1150"]
[BlackElo "1528"]
[PlyCount "84"]
[EventDate "2014.04.??"]
[EventType "swiss"]
[EventRounds "9"]
[EventCountry "BEL"]
[SourceTitle "EXT 2015"]
[Source "ChessBase"]
[SourceDate "2014.11.20"]
[SourceVersion "1"]
[SourceVersionDate "2014.11.20"]
[SourceQuality "1"]

1. e4 e5 2. Nf3 Nf6 3. Nc3 Bb4 4. d3 d5 5. Bd2 0-0 6. a3 Ba5 7. b4 Bb6 8. h3 Nc6 9. exd5 Nxd5 10. Na4 Re8 11. Nxb6 axb6 12. Be2 Nd4 13. Nxd4 exd4 14. 0-0 Nc3 15. Bxc3 dxc3 16. Re1 Qg5 17. Kf1 Bd7 18. Bf3 Qf4 19. Rxe8+ Rxe8 20. Kg1 Re5 21. Bg4 Bc6 22. Bf3 Bxf3 23. Qxf3 Qxf3 24. gxf3 Re2 25. Rc1 Kf8 26. Kf1 Rd2 27. a4 f5 28. f4 Kf7 29. Kg2 Ke6 30. Kf3 Kd5 31. Ke3 c5 32. b5 h6 33. h4 h5 34. f3 c4 35. d4 Rxd4 36. Ke2 Rd2+ 37. Ke1 Kd4 38. Rd1 Rxd1+ 39. Kxd1 Ke3 40. Ke1 Kxf3 41. Kf1 Kxf4 42. Kf2 g6 0-1